pets in literature - Statistics

General Stats
  • This quiz has been taken 19 times
  • The average score is 4 of 15
Answer Stats
literature type author animal type pet name % Correct
Curious [name] book series Margret and Hans Augusto Rey monkey George
85%
Flowers for [name] novel Daniel Keyes mouse Algernon
62%
Charlotte's Web chapter book E.B. White pig Wilbur
62%
The Call of the Wild novel Jack London dog Buck
38%
A Bear Called [name] chapter book Michael Bond bear Paddington
38%
The Lord of the Rings novel J.R.R. Tolkien horse Shadowfax
38%
Treasure Island novel Robert Louis Stevenson parrot Cap’n Flint
15%
Odyssey epic poem Homer dog Argos
8%
We Have Always Lived in the Castle novel Shirley Jackson cat Jonas
8%
Don Quixote epic novel Miguel de Cervantes. horse Rocinante
8%
To [name], My Dog poem Elizabeth Barrett Browning dog Flush
0%
The Unbearable Lightness of Being novel Milan Kundera dog Karenin
0%
Kafka on the Shore novel Haruki Murakami cat Mimi
0%
The Story of Doctor Dolittle novel Hugh Lofting parrot Polynesia
0%
The Curious Incident of the Dog in the Nighttime novel Mark Haddon dog Wellington
0%
No matching quizzes found
Score Distribution
Percent of People with Each Score
Percentile by Number Answered
Your Score History
You have not taken this quiz